000 00852nam a2200253Ia 4500
003 GCL
008 140319s9999 xx 000 0 ara d
040 _aGCL /
_cGCL
082 0 4 _a320.962
_bم ا
100 1 _aمحمد نعمان جلال
245 1 0 _aاثر حرب اكتوبر على الحياة العامة وتطور علاقات مصر الدولية /
_cمحمد نعمان جلال
700 1 _aمجدى المتولى
260 _a[S.N] :
_bالهيئة المصرية العامة للكتاب ،
_c1994
300 _a279 ص
490 _a
650 0 4 _aالعصر الحديث
650 0 4 _aمصر
650 0 4 _aالعالم العربى
650 0 4 _aتاريخ
650 0 4 _aالتنمية الاقتصادية
650 0 4 _aالعلاقات الخارجية
650 0 4 _aحرب اكتوبر 1973
942 _2ddc
_cBK
999 _c34570
_d34570